书目信息 |
| 书名: | Best reference books, 1981-1985 | |
| 作者: | edited by Bohdan S. Wynar. | |
| 分册号: | ||
| 分册名: | 出版地: | Littleton, Colo. : |
|
| 出版社: | Libraries Unlimited | |
| 出版时间: | 1986. | |
| 页数: | xxi, 504 p. ; | |
| 开本: | 26 cm. | |
| 丛书名: | ||
| 中图分类号: | ||
| 科图分类号: | ||
| 其他分类号: | Z836 | |
| 主题词: | ||
| 电子资源: | ||
| 000 | 01348nam a2200469 a 4500 | |
| 001 | E0733571728 | |
| 003 | CAL | |
| 005 | 20070720092229.73 | |
| 008 | 860703s1986 cou b 001 0 eng | |
| 010 | @a 86015316 //r953 | |
| 020 | @a0872875547. | |
| 040 | @aDLC@cDLC@dDLC | |
| 050 | 00 | @aZ1035.1@b.B5342 1986 |
| 082 | 00 | @a028.1/2@219 |
| 090 | @aZ836 | |
| 093 | @aZ836 | |
| 099 | @dZ836@ex4:(81-85) | |
| 245 | 00 | @aBest reference books, 1981-1985 :@btitles of lasting value selected from American reference books annual / @cedited by Bohdan S. Wynar. |
| 260 | @aLittleton, Colo. :@bLibraries Unlimited,@c1986. | |
| 300 | @axxi, 504 p. ;@c26 cm. | |
| 500 | @aIncludes indexes. | |
| 650 | 0 | @aReference books@xBibliography. |
| 650 | 0 | @aReference books@xReviews. |
| 650 | 0 | @aBest books. |
| 700 | 10 | @aWynar, Bohdan S. |
| 730 | 01 | @aAmerican reference books annual. |
| 920 | @a211040@z1 | |
| 920 | @a211010@bZ836@cB464a/1981-85 @fG@z2 | |
| 920 | @a211180@z2 | |
| 920 | @a211130@z1 | |
| 920 | @a251050@z1 | |
| 920 | @a231190@z1 | |
| 920 | @a231030@bZ836@cB561B 1981-1985@z1 | |
| 920 | @a223010@z1 | |
| 920 | @a261020@bZ115@cW985/1981-85@z1 | |
| 920 | @a243040@z1 | |
| 920 | @a242120@z1 | |
| 920 | @a223140@z1 | |
| 920 | @a211270@z1 | |
| 920 | @a245010@z1 | |
| 920 | @a237010@z1 | |
| 998 | @aPUL | |
| Best reference books, 1981-1985 : : titles of lasting value selected from American reference books annual / / edited by Bohdan S. Wynar.-Littleton, Colo. : : Libraries Unlimited, , 1986. |
| xxi, 504 p. ; ; 26 cm. |
| Includes indexes. |
| ISBN 0872875547. |
| ● |
| 相关链接 |
|
|
|
|
正题名:Best reference books, 1981-1985
索取号:Z836/x4:(81-85)
 
预约/预借
| 序号 | 登录号 | 条形码 | 馆藏地/架位号 | 状态 | 备注 |
| 1 | 183536 | 300133610 | 第二样本阅览室/ [索取号:Z836/x4:(81-85)] | 在馆 | |
| 2 | 183537 | 300133629 | 第四借阅区/ [索取号:Z836/x4:(81-85)] | 在馆 |